Представление документа в формате MARC21

Поле Инд. ПП Название Значение
Тип записи a
Библиографический уровень m
001 _ Контрольный номер RU/URAIT/479358
005 _ Дата корректировки 20250915104111.1
008 Кодируемые данные 210917s2021 RU y f j 000 0 rus u
020 a ISBN 978-5-534-14713-1
c Цена, тираж 479.00
040 a Служба первич. каталог. ИКО Юрайт
c Служба, преобразующая запись ИКО Юрайт
e Правила каталог. RCR
041 a Код языка текста rus
044 a Код страны публикации RU
080 a Индекс УДК 33(075.8)
084 2 Источник индекса rubbk
a Индекс другой классификации/Индекс ББК 65я73
100 1_ a Автор Круглов Дмитрий Валерьевич
q Полное имя Дмитрий Валерьевич
245 a Заглавие Стратегическое управление персоналом
b Продолж. заглавия Учебное пособие для вузов
c Ответственность Круглов Д. В., Резникова О. С., Цыганкова И. В.
256 a Характеристики компьютерного файла Электрон. дан.
260 a Место издания Москва
b Издательство Юрайт
c Дата издания 2021
300 a Объем 168 с
440 a Серия Высшее образование
500 a Примечание URL: https://urait.ru/bcode/479358 (дата обращения: 23.11.2021).
520 a Аннотация В курсе авторы раскрыли теоретические аспекты стратегического управления человеческими ресурсами, сформулировали научно обоснованное понятие стратегического управления персоналом, методические аспекты и практические рекомендации стратегическому управлению персоналом. Рассмотрели стратегическое управление развития персонала, организационное развитие и управление изменениями, стратегию совершенствования организационной культуры. Детально раскрыта управление человеческими ресурсами и служба управления персоналом в стратегическом управлении. Соответствует актуальным требованиям федерального государственного образовательного стандарта высшего образования. Курс рассчитан на магистров по направлению подготовки «Менеджмент» программа «Управление человеческими ресурсами» и «Управление персоналом», аспирантов вузов экономических специальностей, профессорско-преподавательский состав вузов, а также руководителей и менеджеров предприятий.
538 a Прим. о системных особенностях Режим доступа: Электронно-библиотечная система Юрайт, для авториз. пользователей
653 a Ключевые слова Управление персоналом, лидерство, коммуникации
653 a Ключевые слова Экономика и управление
653 a Ключевые слова Стратегическое управление персоналом
653 a Ключевые слова Основы стратегического управления персоналом
653 a Ключевые слова Стратегическое управление персоналом организации
653 a Ключевые слова Основы стратегического УП
653 a Ключевые слова Основы стратегического управления трудовыми ресурсами
653 a Ключевые слова Современные концепции и методы управления персоналом
700 1_ a Другие авторы Резникова Ольга Сергеевна
q Полное имя Ольга Сергеевна
700 1_ a Другие авторы Цыганкова Инга Владимировна
q Полное имя Инга Владимировна
856 40 u URL https://urait.ru/bcode/479358
x Примечание для ЭОР https://urait.ru/book/cover/C2F6790C-99C5-4FC5-B5C5-36E32E45FD84
z Примечание для пользователя Участвует в КО
856 41 u URL https://urait.ru/book/cover/C2F6790C-99C5-4FC5-B5C5-36E32E45FD84